DPR IAN - calico lyrics - Statistics

General Stats
  • This quiz has been taken 9 times
  • The average score is 350 of 406
Answer Stats
Answer % Correct
a
100%
all
100%
All
100%
another
100%
be
100%
Calico
100%
do
100%
don't
100%
Don't
100%
feel
100%
heart
100%
heart's
100%
I
100%
I'm
100%
in
100%
is
100%
just
100%
Just
100%
kiss
100%
know
100%
like
100%
lost
100%
love
100%
lover
100%
me
100%
midnight
100%
My
100%
my
100%
No
100%
no
100%
not
100%
oh
100%
Oh
100%
same
100%
she
100%
show
100%
Tell
100%
the
100%
The
100%
this
100%
Underneath
100%
want
100%
what
100%
What
100%
You
100%
you
100%
your
100%
alone
80%
But
80%
decisions
80%
had
80%
It's
80%
I've
80%
nothing
80%
okay
80%
say
80%
so
80%
thought
80%
to
80%
wanna
80%
we
80%
We
80%
would
80%
and
60%
And
60%
away
60%
bad
60%
been
60%
coal
60%
day
60%
every
60%
gaze
60%
hid
60%
imagination
60%
night
60%
snuck
60%
Then
60%
told
60%
took
60%
wanted
60%
was
60%
addicted
40%
as
40%
cigarette
40%
Constant
40%
draw
40%
for
40%
girl
40%
goodbyes
40%
heavenly
40%
I'll
40%
locked
40%
never
40%
our
40%
patient
40%
think
40%
were
40%
words
40%
you'll
40%
yourself
40%
around
20%
blue
20%
dig
20%
into
20%
lit
20%
more
20%
nights
20%
out
20%
put
20%
way
20%
Why'd
20%
You're
20%
certainty
0%
fogs
0%
lows
0%
thunderstorm
0%
up
0%
with
0%
No matching quizzes found
Score Distribution
Percent of People with Each Score
Percentile by Number Answered
Your Score History
You have not taken this quiz